00420nam a22001457a 450000500170000002000230001703500430004003700130008310000180009624500580011425000110017226000520018330000220023570000170025720180823132450.0 a8126904526c550.00 aB-160992, B-160991, B-160997, B-161006 aDPLbENG aSharma, C. K. aLibrary management /cby C. K. Sharma and Kiran Singh aVol. I aNew DelhibAtlantic Publishers and Distributors av, 255p.c18 cms. aSingh, Kiran